• 首页
  • 本馆介绍
  • 公告通知
  • 最新文献
  • 馆藏检索
  • 电子资源
  • 读者导购
  • 参考咨询
  • 我的图书馆
  • 登录
  • 详细信息显示
  • 放入我的书架
  • 预约/预借图书
  • 作者相关作品
  • 分类相关作品
  • 丛书相关作品
  • 出版社相关作品

书目信息

  • 表格格式
  • 工作单格式
  • 卡片格式
题名:
普通高等学校军训教程
    
 
作者: 姜少林 主编
分册:  
出版信息: 石家庄   河北教育出版社  2003
页数: 426页
开本: 20cm
丛书名:
单 册:
中图分类: E251
科图分类:
主题词: 国防建设--中国 , 战备--中国
电子资源:
ISBN: 7-5434-5169-7
000 00657nam0 2200217 450
001 0635572249
005 20070726171656.35
010    @a7-5434-5169-7@dCNY18.00
100    @a20060928d2003 km y0chiy0120 ea
101 0  @achi
102    @aCN@b130000
200 1  @a普通高等学校军训教程@Apu tong gao deng xue xiao jun xun jiao cheng@f姜少林主编@Fjiang shao lin zhu bian
210    @a石家庄@c河北教育出版社@d2003
215    @a426页@c图表@d20cm
300    @a河北省普通高校学生军训统编教材
606 0  @a国防建设@x中国
606 0  @a战备@x中国
690    @aE251@v3
701  0 @a姜少林@Ajiang shao lin@4主编
801  0 @aCN@bPFT@c20070726
905    @a10447@dE251@e6
    
    普通高等学校军训教程/姜少林主编.-石家庄:河北教育出版社,2003
    426页:图表;20cm
    河北省普通高校学生军训统编教材
    
    ISBN 7-5434-5169-7:CNY18.00
    
●
相关链接 在E读中查询图书 在五车中查询图书 在当当中查询图书 在豆瓣中查询图书


正题名:普通高等学校军训教程     索取号:E251/6         预约/预借

序号 登录号 条形码 馆藏地/架位号 状态 备注
1 0493194   204931949   密集书库/ [索取号:E251/6] 在馆    
2 0493195   204931958   密集书库/ [索取号:E251/6] 在馆    
3 0493196   204931967   密集书库/ [索取号:E251/6] 在馆    
4 0493197   204931976   密集书库/ [索取号:E251/6] 在馆    
5 0493198   204931985   密集书库/ [索取号:E251/6] 在馆    
6 0493199   204931994   密集书库/ [索取号:E251/6] 在馆    
7 0493200   204932001   密集书库/ [索取号:E251/6] 在馆    
8 0493201   204932010   密集书库/ [索取号:E251/6] 在馆    
9 0493202   204932029   密集书库/ [索取号:E251/6] 在馆    
10 0493203   204932038   密集书库/ [索取号:E251/6] 在馆    
11 0493204   204932047   密集书库/ [索取号:E251/6] 在馆    
12 0493205   204932056   密集书库/ [索取号:E251/6] 在馆    
13 0493206   204932065   密集书库/ [索取号:E251/6] 在馆    
14 0493207   204932074   密集书库/ [索取号:E251/6] 在馆    
15 0493208   204932083   密集书库/ [索取号:E251/6] 在馆    
16 0493209   204932092   密集书库/ [索取号:E251/6] 在馆    
17 0493210   204932109   密集书库/ [索取号:E251/6] 在馆    
18 0493211   204932118   密集书库/ [索取号:E251/6] 在馆    
19 0493212   204932127   密集书库/ [索取号:E251/6] 在馆    
20 0493213   204932136   密集书库/ [索取号:E251/6] 在馆    
21 0493214   204932145   密集书库/ [索取号:E251/6] 在馆    
22 0493215   204932154   密集书库/ [索取号:E251/6] 在馆    
23 0493216   204932163   密集书库/ [索取号:E251/6] 在馆    
24 0493217   204932172   密集书库/ [索取号:E251/6] 在馆    
25 0493218   204932181   密集书库/ [索取号:E251/6] 在馆    
26 0493219   204932190   密集书库/ [索取号:E251/6] 在馆    
27 0493220   204932207   密集书库/ [索取号:E251/6] 在馆    
28 0493221   204932216   密集书库/ [索取号:E251/6] 在馆    
29 0788424   207884244   密集书库/ [索取号:E251/6] 在馆    
唐山师范学院图书馆 欢迎您!
大连网信软件有限公司© 版权所有